Phrases de films cultes #2 - Statistiques

Statistiques générales
  • Ce quiz a été pris 70 fois
  • Le résultat moyen est 6 sur 15
Statistiques - réponses
Phrases de film Film % Correct
Vers l'infini et au delà ! Toy Story
84%
Maman dit toujours, la vie c'est comme une boite de chocolat, on ne sait jamais sur quoi on va tomber Forest Gump
83%
Je crois qu'il n'y a pas de bonne ou mauvaise situation Astérix et Obélix mission Cléopâtre
76%
Vous voulez un whisky ? Ho juste un doigt. Vous voulez pas un whisky d'abord ? La cité de la peur
75%
J'aime me beurrer la biscotte ! oss 117
71%
Un grand pouvoir implique de grandes responsabilités Spiderman
65%
T'es pas mouru l'âne ! Shrek
59%
Tuche, avec un T, comme t'es là ! Tuches
57%
J'vais mettre mon gros saucisson entre les grosses gougouttes à maman ! Fiasco
30%
Vous me devez chacun 100 scalpes, et je les veux ! Inglourious Basterds
13%
Je me considère un peu comme une meute d'un seul loup Very bad trip
8%
Bonjour princesse ! La vie est belle
5%
Va chier toner, suce moi la bistoukette ! TED
5%
T'es pas parfait mon vieux, et laisse moi t'épargner le suspens, cette fille que tu as rencontré, elle n'est pas parfaite non plus. Good will hunting
3%
Va chercher la crampe Pulp fiction
3%
Aucun quiz correspondant
Distribution des résultats
% des personnes avec chaque résultat
Percentile par nombre de réponses
Votre historique - résultats
Vous n’avez pas pris ce quiz